000
00295nam a22001217a 4500
020
_a
9780743206839
082
_2
22
_a
158.22
100
_a
Covey, Stephen R.
245
_a
The 8th habit /
260
_a
New Delhi,
_b
Simon Schuster,
_c
c2004.
300
_a
xvi, 409 p.
_b
NA;
_c
23 cm.
942
_2
ddc
_c
GEN
999
_c
3145
_d
3145